Music quiz - Trova l'intruso - Statistics

Statistiche generali
  • Questo quiz è stato fatto 88 volte
  • Il punteggio medio è 11 su 22
Statistiche sulle risposte
Canzone Parola corretta % Corretto
Ma quanto è bello andare in giro con le ali sotto ai piediSe hai una Vespa Special che ti toglie i problemi Ma quanto è bello andare in giro per i ragu' bolognesi Se hai una Vespa Special che ti toglie i problemi colli
85%
Di sere nere Che non c'è tempo Non c'è Fazio E mai nessuno capirà Puoi rimanere Perché fa male male Male da morire Senza te spazio
84%
Ti vesti svogliatamente
Non metti mai niente che possa attirare attenzione
Un particolare, solo per farti ruttare
guardare
79%
Se questa è l'ultima canzone e poi la Maserati esploderàSarò lì a dirti che sbagli, ti sbagli e lo sai Qui non arriva la musica E tu non dormi e dove sarai? Dove vai? Quando la vita poi esagera luna
75%
Amore tra le costine a fuoco La tua voce riconosco Noi non siamo come loro È bello, è bello, è bello È bello stare così Davanti a te in ginocchio Sotto la scritta al neon di un sexy shop palazzine
67%
Amore mio, veramente Se non mi ami muoio vergine Ti chiamerò da un Autogrill Tra cento vite o giù di lì Di amore muori veramente Se non ti amo fallo tu per me Ti cercherò in un vecchio film Per sempre noi incoscienti giovani giovane
63%
Muoio senza morire
In questi giorni usati
Vivo senza soffrire
Non c'è croce più grande
Non ci resta che circoncidere
In queste notti bruciate
Una corona di spine
Sarà il dress-code per la mia festa
ridere
59%
Serenata, una serenata
Una serenata non sotto casa mia
Finirà che poi finiremo in una scenata di folle antipatia
Passa il tempo, però
Tu non le dici di no
gelosia
56%
Ma tu ci pensi mai Alle cose che io so di te E che adesso non servono a niente? Ma di me cos'è che sai? Che piacevo a tua mamma? Che credevo nel Parma? E sognavo di andare in Islanda, in Islanda? karma
53%
Un viaggio a senso solo Senza ritorno se non in volo Senza fermate ne confini Solo orizzonti, neanche troppo lontani Io mi prenderò il mio posto E tu seduta lì al mio fianco Mi dirai destinazione Portorico paradiso
53%
Non so più quante volte ti ho cercato Per quegli occhi, per quegli occhi che fanno da luna Non so più quante notti ti ho insultato Per finire a ingoiare tutta la paura Di rimanere sola aspettato
51%
E poi se ti richiamo è perché ho voglia di te Di te che mi conosci e sai ca mor' per te Dimmi solo se vuoi, io ci sono stanotte, ogni notte Tu chiama e je corru addu 'te E adesso le mie labbra sanno solo di te È un gusto dolce e amaro, tra biscotto e caffè Sei la mia gelosia Sei passione, dolore e follia rossetto
47%
Un piccolo grande amore Solo un piccolo grande amore Niente più di Ernesto, niente più Mi manca da morire Quel suo piccolo grande amore Adesso che saprei cosa dire Adesso che saprei cosa fare Adesso che Voglio un piccolo grande amore questo
42%
E ho perso cannoliE ho perso treni Ma il mondo l'ho trovato sotto i piedi E ho perso il tempo Per le canzoni Quando ti urlavo e tu non mi capivi voli
41%
Vivimi senza paura Che sia una amica o che sia un'ora Non lasciare libero o disperso Questo mio spazio adesso aperto ti prego vita
38%
Tra le mie braccia dormirai Serenamente Ed è importante questo sai Per sentirci skibidiboppi noi Un'altra vita mi darai Che io non conosco La mia compagna tu sarai Fino a quando so che lo vorrai pienamente
37%
Maglia bianca, oro sui denti, blue jeans
Non paragonarmi a una bitch così
Non era ambulanza, noi soli sulla Jeep
Ma non sono bravo a rincorrere
abbastanza
34%
E poi scendo giù nel mare Che hai dentro, ma mi perdo tra infinite scale Che hai tu, che mi fai sclerare
Oltre ogni mio orizzonte sensoriale
Con te la notte è più chiara
Black Nirvana, black Nirvana
ballare
34%
Bésame, siente cómo suena el corazón Yo esta noche quiero solo una emoción Sembrava un angelo dagli occhi teneri Chiedeva un attico da mille brividi attimo
32%
Oddio, che ansia, però Piazza San Marco era bella da far schifo Se penso a tutte le paperelle che hai preso per mano su un molo Nello stesso identico modo Ma la notte finisce quando chiamano la polizia E la tua mano è ancora nella mia ragazze
18%
Pronto? Come va? La voce tua mi manca Lo so che ho sbagliato, ma chi è che non sbaglia? Tutto bene, ma (seh) poi in testa ho una serranda Non mi puoi lasciare in cielo in una stanza domanda
16%
Ti brucerai Piccola stella senza cielo Ti mostrerai Ci incanteremo mentre scoppi in volo Ti defecherai Dietro una scia, un soffio, un velo Ti staccherai Perché ti tiene su soltanto un filo, sai scioglierai
15%
Nessun quiz corrispondente trovato
Distribuzione punteggi
Percentuale di utenti per punteggio
Percentile per numero di risposta
I tuoi punteggi nel tempo
Non hai fatto questo quiz